00249 a2200109 450000500170000002000180001708200130003510000160004824500200006426000350008430000200011920250417140136.0 a2-280-00453-4 aF WIL  aWLIDER, Q.  aLa Neige En Ete aToronto, bHarlequin, c1985.  a152p., c17cm.